| 000 | 01289cam a2200361Mi 4500 | ||
|---|---|---|---|
| 001 | ocn846249069 | ||
| 003 | TZ-ArACH | ||
| 005 | 20230608145910.0 | ||
| 008 | 130529s2013 be 000 0 fre d | ||
| 020 | _a9782802740872 | ||
| 020 | _a2802740873 | ||
| 035 | _a(OCoLC)846249069 | ||
| 040 |
_aTZT _beng _cTZ-ArACH |
||
| 043 | _ae------ | ||
| 049 | _aTZAA | ||
| 050 | 4 |
_aKJE3802 _b.C66 2013 |
|
| 100 | 1 | _aPertek, Jacques. | |
| 245 | 1 | 0 |
_aCoopération entre juges nationaux et Cour de justice de l'UE : _ble renvoi préjudiciel / _cJacques Pertek. |
| 260 |
_aBruxelles : _bBruylant, _c2013. |
||
| 300 |
_a357 pages ; _c24 cm |
||
| 490 | 1 |
_aDroit de l'Union Européenne . Monographies ; _v3 |
|
| 610 | 2 | 0 | _aCourt of Justice of the European Union. |
| 610 | 2 | 7 |
_aCourt of Justice of the European Union. _2fast |
| 650 | 0 |
_aPrejudicial actions _zEuropean Union countries. |
|
| 650 | 0 |
_aCivil procedure _zEuropean Union countries. |
|
| 650 | 7 |
_aCivil procedure. _2fast |
|
| 650 | 7 |
_aPrejudicial actions. _2fast |
|
| 650 | 7 |
_aVorabentscheidungsverfahren _2gnd |
|
| 651 | 7 |
_aEuropean Union countries. _2fast |
|
| 653 |
_aCivil procedure _aPrejudicial actions _aEuropean Union countries |
||
| 830 | 0 |
_aCollection Droit de l'Union européenne. _pMonographies ; _v3. |
|
| 942 |
_2lcc _cBOOK |
||
| 999 |
_c6286 _d6286 |
||